[Event "Voronezh Region-ch U20"]
[Site "Voronezh "]
[Date "2006.11.30"]
[Round "5"]
[White "Naletov, Alexey"]
[Black "Chernyshev, Alexander"]
[Result "0-1"]
[WhiteElo "2050"]
[BlackElo "2095"]
[PlyCount "100"]
[EventDate "2006.12.02"]
[EventType "tourn"]
[EventRounds "11"]
[EventCountry "RUS"]
[SourceTitle "EXT 2008"]
[Source "ChessBase"]
[SourceDate "2007.11.25"]
[SourceVersion "1"]
[SourceVersionDate "2007.11.25"]
[SourceQuality "1"]

1. e4 e5 2. Nf3 Nc6 3. Bb5 a6 4. Bxc6 dxc6 5. d3 Bd6 6. Bg5 f6 7. Be3 Bg4 8. Nbd2 Qe7 9. h3 Be6 10. Qe2 0-0-0 11. d4 exd4 12. Nxd4 Bd7 13. 0-0-0 Qf7 14. Kb1 Ne7 15. f4 c5 16. N4f3 Ng6 17. e5 fxe5 18. fxe5 Nxe5 19. Ne4 Nxf3 20. Rxd6 Ne5 21. Rdd1 Qc4 22. Qxc4 Nxc4 23. Bg5 Rde8 24. Nxc5 Bc6 25. Rhe1 Bxg2 26. Ne6 Bxh3 27. Nxg7 Rxe1 28. Rxe1 Nd6 29. Re7 Nf5 30. Nxf5 Bxf5 31. Bf4 Bd7 32. Bh6 a5 33. Kc1 b6 34. Kd2 Bf5 35. Bf4 Rd8+ 36. Kc3 Rd7 37. Re8+ Kb7 38. Rh8 Bg6 39. Kb3 Rd5 40. Be3 Rf5 41. Kc3 Rf3 42. Kd2 Rh3 43. Bf4 Rh4 44. Rf8 Rg4 45. Be3 h5 46. c3 h4 47. Bf2 h3 48. Rf3 h2 49. Rh3 Rg2 50. Ke3 Be8 0-1

[Event "Voronezh Region-ch U20"]
[Site "Voronezh "]
[Date "2006.11.29"]
[Round "4"]
[White "Chernyshev, Alexander"]
[Black "Fomin, Sergey"]
[Result "1-0"]
[WhiteElo "2095"]
[BlackElo "2118"]
[PlyCount "75"]
[EventDate "2006.12.02"]
[EventType "tourn"]
[EventRounds "11"]
[EventCountry "RUS"]
[SourceTitle "EXT 2008"]
[Source "ChessBase"]
[SourceDate "2007.11.25"]
[SourceVersion "1"]
[SourceVersionDate "2007.11.25"]
[SourceQuality "1"]

1. e4 e6 2. d4 d5 3. Nd2 Nf6 4. e5 Nfd7 5. Ngf3 c5 6. c3 Nc6 7. Bd3 a6 8. 0-0 b5 9. Qe2 Qb6 10. a4 b4 11. c4 Nxd4 12. Nxd4 cxd4 13. cxd5 exd5 14. a5 Qe6 15. f4 f6 16. Nf3 Bc5 17. f5 Qe7 18. e6 Nb8 19. g4 Nc6 20. g5 Bd6 21. gxf6 gxf6 22. Bh6 Bb7 23. Rfc1 Ne5 24. Nxe5 fxe5 25. Qh5+ Kd8 26. Kh1 Rg8 27. Rg1 Kc7 28. Rac1+ Bc6 29. Bg5 Qf8 30. f6 h6 31. f7 Rxg5 32. Rxg5 hxg5 33. Qxg5 Qe7 34. Qg7 e4 35. Qxd4 exd3 36. Qb6+ Kc8 37. Rxc6+ Bc7 38. Rxc7+ 1-0